[Event "EYTCC U18 Open 2019"]
[Site "Pardubice"]
[Date "2019.07.14"]
[Round "4.14"]
[White "Bugar, Peter"]
[Black "Zlatin, Alexander"]
[Result "0-1"]
[WhiteElo "2002"]
[BlackElo "2270"]
[Annotator "NA"]
[PlyCount "122"]
[EventDate "2019.07.11"]
[EventType "swiss"]
[EventCountry "CZE"]
[SourceTitle "playchess.com"]
[Source "ChessBase"]
[SourceQuality "1"]
[WhiteTeam "Slovakia"]
[BlackTeam "Israel"]
[WhiteTeamCountry "SVK"]
[BlackTeamCountry "ISR"]
[TimeControl "40/5400+30:1800+30"]

1. c4 {[%emt 0:00:00]} e5 {[%emt 0:00:00]} 2. g3 {[%emt 0:00:00]} Nf6 {[%emt 0:00:00]} 3. Nc3 {[%emt 0:00:00]} d5 {[%emt 0:00:42]} 4. cxd5 {[%emt 0:00:08]} Nxd5 {[%emt 0:00:06]} 5. Bg2 {[%emt 0:00:06]} Nb6 {[%emt 0:00:05]} 6. e3 {[%emt 0:04:28]} Nc6 {[%emt 0:03:12]} 7. Nge2 {[%emt 0:02:44]} Bg4 {[%emt 0:03:57]} 8. O-O {[%emt 0:01:40]} Qd7 {[%emt 0:00:59]} 9. Re1 {[%emt 0:04:48]} O-O-O {[%emt 0:02:28]} 10. a3 {[%emt 0:03:16]} a5 {[%emt 0:04:01]} 11. Qb3 {[%emt 0:08:07]} Be6 {[%emt 0:06:45]} 12. Qc2 {[%emt 0:10:56]} Bf5 {[%emt 0:14:16]} 13. Ne4 {[%emt 0:06:49]} Qd3 {[%emt 0:04:47]} 14. Qxd3 {[%emt 0:02:09]} Rxd3 {[%emt 0:00:01]} 15. f4 {[%emt 0:00:14]} f6 {[%emt 0:05:42]} 16. Nf2 {[%emt 0:04:26]} Rd8 {[%emt 0:00:46]} 17. d4 {[%emt 0:11:25]} exd4 {[%emt 0:03:25]} 18. exd4 {[%emt 0:08:53]} Nxd4 {[%emt 0:05:58]} 19. Nxd4 {[%emt 0:00:10]} Rxd4 {[%emt 0:00:03]} 20. Be3 {[%emt 0:00:09]} Rd8 {[%emt 0:00:24]} 21. Rac1 {[%emt 0:01:58]} Kb8 {[%emt 0:02:30]} 22. Bc5 {[%emt 0:07:54]} Bd6 {[%emt 0:05:38]} 23. Ne4 {[%emt 0:05:25]} Bxe4 {[%emt 0:01:03]} 24. Bxe4 {[%emt 0:00:42]} Bxc5+ {[%emt 0:00:10]} 25. Rxc5 {[%emt 0:00:08]} Rhe8 {[%emt 0:00:12]} 26. Kf1 {[%emt 0:02:32]} h6 27. Bf3 {[%emt 0:01:13]} Rxe1+ {[%emt 0:02:21]} 28. Kxe1 {[%emt 0:00:06]} a4 {[%emt 0:04:00]} 29. Rb5 {[%emt 0:01:34]} Rd6 30. Ke2 {[%emt 0:07:11]} Kc8 {[%emt 0:01:37]} 31. h4 {[%emt 0:01:36]} g6 {[%emt 0:00:58]} 32. g4 {[%emt 0:00:43]} Re6+ {[%emt 0:05:54]} 33. Kf2 {[%emt 0:02:09]} Re7 34. Rb4 Rg7 {[%emt 0:03:19]} 35. Be4 {[%emt 0:00:52]} g5 36. fxg5 {[%emt 0:01:13]} fxg5 {[%emt 0:00:51]} 37. h5 Re7 {[%emt 0:02:43]} 38. Kf3 {[%emt 0:02:10]} Re5 {[%emt 0:00:29]} 39. Bc2 {[%emt 0:00:42]} Ra5 {[%emt 0:05:13]} 40. Bf5+ {[%emt 0:00:00]} Kd8 41. Bd3 Rd5 {[%emt 0:06:09]} 42. Ke4 {[%emt 0:08:00]} Rd6 43. Rd4 Rxd4+ {[%emt 0:06:04]} 44. Kxd4 {[%emt 0:08:30]} c6 {[%emt 0:01:20]} 45. Bc2 {[%emt 0:02:40]} Ke7 {[%emt 0:01:48]} 46. Bd1 {[%emt 0:03:28]} Kd6 {[%emt 0:00:30]} 47. Ke4 Ke6 48. Kd4 Kd6 49. Ke4 Nc4 {[%emt 0:14:06]} 50. Kf5 {[%emt 0:07:30]} Nxb2 {[%emt 0:05:16]} 51. Bc2 {[%emt 0:00:23]} Nc4 {[%emt 0:00:26]} 52. Kg6 {[%emt 0:00:05]} Ke5 {[%emt 0:00:30]} 53. Kxh6 {[%emt 0:00:48]} Kf4 {[%emt 0:00:58]} 54. Kh7 {[%emt 0:01:52]} Ne3 {[%emt 0:00:58]} 55. Bxa4 {[%emt 0:00:33]} Nxg4 {[%emt 0:00:24]} 56. Bd1 {[%emt 0:02:24]} Ne5 {[%emt 0:00:21]} 57. Kg8 {[%emt 0:01:18]} Nf7 {[%emt 0:01:42]} 58. Bb3 {[%emt 0:00:42]} g4 {[%emt 0:00:17]} 59. Bd1 {[%emt 0:01:50]} c5 {[%emt 0:00:37]} 60. Kf8 {[%emt 0:00:46]} g3 {[%emt 0:00:12]} 61. Bf3 {[%emt 0:00:32]} c4 {[%emt 0:00:26]} 0-1

[Event "EYTCC U18 Open 2019"]
[Site "Pardubice"]
[Date "2019.07.14"]
[Round "4.15"]
[White "Rozen, Eytan"]
[Black "Viczencz, Peter"]
[Result "1-0"]
[WhiteElo "2260"]
[BlackElo "2014"]
[Annotator "NA"]
[PlyCount "111"]
[EventDate "2019.07.11"]
[EventType "swiss"]
[EventCountry "CZE"]
[SourceTitle "playchess.com"]
[Source "ChessBase"]
[SourceQuality "1"]
[WhiteTeam "Israel"]
[BlackTeam "Slovakia"]
[WhiteTeamCountry "ISR"]
[BlackTeamCountry "SVK"]
[TimeControl "40/5400+30:1800+30"]

1. c4 {[%emt 0:00:00]} e6 {[%emt 0:00:00]} 2. Nf3 {[%emt 0:00:00]} Nf6 {[%emt 0:00:00]} 3. g3 {[%emt 0:00:00]} d5 {[%emt 0:00:32]} 4. Bg2 {[%emt 0:00:00]} Be7 {[%emt 0:00:06]} 5. d4 {[%emt 0:00:11]} O-O {[%emt 0:00:07]} 6. O-O {[%emt 0:00:06]} h6 {[%emt 0:00:14]} 7. Nc3 {[%emt 0:01:15]} dxc4 {[%emt 0:00:55]} 8. Ne5 {[%emt 0:00:30]} c5 {[%emt 0:00:42]} 9. dxc5 {[%emt 0:00:28]} Bxc5 {[%emt 0:00:14]} 10. Nxc4 {[%emt 0:00:27]} Nc6 {[%emt 0:04:08]} 11. Bf4 {[%emt 0:01:08]} Qe7 {[%emt 0:13:51]} 12. Bd6 {[%emt 0:01:42]} Bxd6 {[%emt 0:00:20]} 13. Qxd6 {[%emt 0:00:07]} Qxd6 {[%emt 0:01:56]} 14. Nxd6 {[%emt 0:00:10]} Rb8 {[%emt 0:00:27]} 15. Rfd1 {[%emt 0:01:50]} Rd8 {[%emt 0:03:17]} 16. Rac1 {[%emt 0:01:36]} Kf8 {[%emt 0:04:17]} 17. Rd2 {[%emt 0:20:55]} Ke7 {[%emt 0:08:09]} 18. Rcd1 {[%emt 0:01:07]} Nd7 {[%emt 0:00:27]} 19. Ncb5 {[%emt 0:04:04]} Nb6 {[%emt 0:12:03]} 20. Bxc6 {[%emt 0:11:07]} bxc6 {[%emt 0:00:34]} 21. Nxa7 {[%emt 0:00:13]} Bd7 {[%emt 0:00:24]} 22. Nxf7 {[%emt 0:00:23]} Kxf7 {[%emt 0:02:56]} 23. Nxc6 {[%emt 0:00:09]} Bxc6 {[%emt 0:00:05]} 24. Rxd8 {[%emt 0:00:07]} Rb7 {[%emt 0:00:40]} 25. b3 {[%emt 0:02:22]} Bd5 {[%emt 0:01:32]} 26. f3 {[%emt 0:00:41]} Ke7 {[%emt 0:00:57]} 27. Rg8 {[%emt 0:00:33]} Kf7 {[%emt 0:00:09]} 28. Rh8 {[%emt 0:00:18]} Nd7 {[%emt 0:02:56]} 29. e4 {[%emt 0:03:46]} Bc6 {[%emt 0:00:06]} 30. Rc8 {[%emt 0:01:12]} Ne5 {[%emt 0:01:06]} 31. Kf2 {[%emt 0:00:45]} Bd7 {[%emt 0:00:37]} 32. Rc5 {[%emt 0:01:42]} Kf6 {[%emt 0:01:55]} 33. h3 {[%emt 0:01:13]} Nf7 {[%emt 0:02:00]} 34. Rdc1 {[%emt 0:05:58]} Rb6 {[%emt 0:03:53]} 35. Ke3 {[%emt 0:02:23]} Ke7 {[%emt 0:08:28]} 36. e5 {[%emt 0:02:49]} Nd8 {[%emt 0:01:54]} 37. R1c3 {[%emt 0:07:00]} Nc6 {[%emt 0:00:23]} 38. a3 {[%emt 0:00:44]} Ke8 {[%emt 0:01:01]} 39. a4 {[%emt 0:04:45]} Ne7 {[%emt 0:01:19]} 40. a5 {[%emt 0:00:36]} Ra6 {[%emt 0:00:12]} 41. R3c4 {[%emt 0:31:35]} Nd5+ {[%emt 0:30:30]} 42. Kd2 {[%emt 0:03:44]} Ke7 {[%emt 0:00:40]} 43. f4 {[%emt 0:01:35]} Kf7 {[%emt 0:01:52]} 44. Rd4 {[%emt 0:03:47]} Ra7 {[%emt 0:00:16]} 45. b4 {[%emt 0:05:53]} Be8 {[%emt 0:01:53]} 46. g4 {[%emt 0:05:53]} Bd7 {[%emt 0:00:28]} 47. Rdxd5 {[%emt 0:05:27]} exd5 {[%emt 0:00:10]} 48. f5 {[%emt 0:00:28]} Ke7 {[%emt 0:00:46]} 49. Rxd5 {[%emt 0:00:45]} Bc6 {[%emt 0:00:25]} 50. Rd6 {[%emt 0:00:00]} Bg2 {[%emt 0:00:00]} 51. h4 {[%emt 0:00:00]} Bh3 {[%emt 0:00:00]} 52. Rg6 {[%emt 0:00:00]} Kf7 {[%emt 0:00:00]} 53. h5 {[%emt 0:00:00]} Bf1 {[%emt 0:00:00]} 54. e6+ {[%emt 0:00:00]} Ke8 {[%emt 0:00:00]} 55. f6 {[%emt 0:00:00]} gxf6 {[%emt 0:00:00]} 56. Rg8+ {[%emt 0:00:00]} 1-0

[Event "EYTCC U18 Open 2019"]
[Site "Pardubice"]
[Date "2019.07.14"]
[Round "4.16"]
[White "Matis, Tibor"]
[Black "Gleizer, Adar"]
[Result "0-1"]
[WhiteElo "1862"]
[BlackElo "1748"]
[Annotator "NA"]
[PlyCount "114"]
[EventDate "2019.07.11"]
[EventType "swiss"]
[EventCountry "CZE"]
[SourceTitle "playchess.com"]
[Source "ChessBase"]
[SourceQuality "1"]
[WhiteTeam "Slovakia"]
[BlackTeam "Israel"]
[WhiteTeamCountry "SVK"]
[BlackTeamCountry "ISR"]
[TimeControl "40/5400+30:1800+30"]

1. e4 {[%emt 0:00:00]} e5 {[%emt 0:00:00]} 2. Nf3 {[%emt 0:00:00]} Nc6 {[%emt 0:00:04]} 3. d4 {[%emt 0:00:56]} exd4 {[%emt 0:00:20]} 4. Nxd4 {[%emt 0:00:07]} Nf6 {[%emt 0:00:33]} 5. Nc3 {[%emt 0:00:14]} Bb4 {[%emt 0:00:44]} 6. Bg5 {[%emt 0:06:37]} h6 {[%emt 0:01:16]} 7. Nxc6 {[%emt 0:05:34]} bxc6 {[%emt 0:00:18]} 8. Bxf6 {[%emt 0:00:12]} Qxf6 {[%emt 0:00:13]} 9. Qd2 {[%emt 0:00:04]} d5 {[%emt 0:14:59]} 10. exd5 {[%emt 0:02:47]} cxd5 {[%emt 0:00:36]} 11. Qe3+ {[%emt 0:12:55]} Kf8 {[%emt 0:06:56]} 12. Rd1 {[%emt 0:04:54]} Bg4 {[%emt 0:03:58]} 13. Rd4 {[%emt 0:12:45]} Re8 {[%emt 0:08:15]} 14. Rxb4 {[%emt 0:02:08]} Rxe3+ {[%emt 0:03:32]} 15. fxe3 {[%emt 0:00:09]} Bd7 {[%emt 0:01:19]} 16. Bd3 {[%emt 0:08:18]} g6 {[%emt 0:04:31]} 17. Rf4 {[%emt 0:02:32]} Qe5 {[%emt 0:10:48]} 18. O-O {[%emt 0:00:15]} f5 {[%emt 0:01:16]} 19. e4 {[%emt 0:06:11]} dxe4 {[%emt 0:01:17]} 20. Rxe4 {[%emt 0:03:29]} Qc5+ {[%emt 0:01:29]} 21. Kh1 {[%emt 0:00:09]} Kg7 {[%emt 0:01:19]} 22. Rc4 {[%emt 0:02:23]} Qe5 {[%emt 0:01:41]} 23. Rd1 {[%emt 0:02:43]} Be6 {[%emt 0:12:34]} 24. Rc6 {[%emt 0:03:38]} Rd8 {[%emt 0:00:15]} 25. a4 {[%emt 0:01:29]} Rd7 {[%emt 0:01:28]} 26. Nb5 {[%emt 0:01:47]} Bd5 {[%emt 0:07:07]} 27. Rc5 {[%emt 0:01:38]} Qe7 {[%emt 0:00:27]} 28. b4 {[%emt 0:00:45]} c6 {[%emt 0:01:30]} 29. Nc3 {[%emt 0:01:46]} Qh4 {[%emt 0:05:01]} 30. Nxd5 {[%emt 0:00:51]} cxd5 {[%emt 0:03:12]} 31. Rb5 {[%emt 0:02:38]} Re7 {[%emt 0:01:50]} 32. h3 {[%emt 0:08:16]} Re1+ {[%emt 0:00:47]} 33. Rxe1 {[%emt 0:00:09]} Qxe1+ {[%emt 0:00:05]} 34. Kh2 {[%emt 0:00:06]} Qe5+ {[%emt 0:00:05]} 35. Kg1 {[%emt 0:01:27]} Qa1+ {[%emt 0:00:10]} 36. Kh2 {[%emt 0:01:41]} Qxa4 {[%emt 0:00:14]} 37. Rxd5 {[%emt 0:01:08]} Qxb4 {[%emt 0:01:17]} 38. Rd7+ {[%emt 0:00:27]} Kf6 {[%emt 0:00:11]} 39. Rxa7 {[%emt 0:00:15]} Qf4+ {[%emt 0:00:51]} 40. Kh1 {[%emt 0:00:09]} Qe3 {[%emt 0:03:17]} 41. Ra6+ {[%emt 0:30:10]} Kg5 {[%emt 0:30:30]} 42. Kh2 {[%emt 0:02:16]} Qe5+ {[%emt 0:03:55]} 43. Kg1 {[%emt 0:00:23]} Qe1+ {[%emt 0:00:00]} 44. Kh2 {[%emt 0:00:00]} Kh5 {[%emt 0:00:00]} 45. Bc4 {[%emt 0:00:00]} Qe5+ {[%emt 0:00:00]} 46. Kh1 {[%emt 0:00:00]} g5 {[%emt 0:00:00]} 47. Re6 {[%emt 0:00:00]} Qa5 {[%emt 0:00:00]} 48. Bd3 {[%emt 0:00:00]} Kh4 {[%emt 0:00:00]} 49. Re3 {[%emt 0:02:41]} Qa1+ {[%emt 0:00:00]} 50. Kh2 {[%emt 0:00:22]} Qc1 {[%emt 0:00:00]} 51. Rf3 {[%emt 0:00:43]} f4 {[%emt 0:00:00]} 52. Rf1 {[%emt 0:03:02]} Qe3 {[%emt 0:00:00]} 53. Rf3 {[%emt 0:00:05]} Qd2 {[%emt 0:00:00]} 54. Kg1 {[%emt 0:01:44]} h5 {[%emt 0:00:00]} 55. Rf2 {[%emt 0:00:33]} Qc1+ {[%emt 0:00:00]} 56. Rf1 {[%emt 0:00:09]} Qe3+ {[%emt 0:00:08]} 57. Rf2 {[%emt 0:00:33]} Kg3 {[%emt 0:00:39]} 0-1

[Event "EYTCC U18 Open 2019"]
[Site "Pardubice"]
[Date "2019.07.14"]
[Round "4.25"]
[White "Ivic, Velimir"]
[Black "Blohberger, Felix"]
[Result "1-0"]
[WhiteElo "2510"]
[BlackElo "2476"]
[Annotator "ChessBase"]
[PlyCount "109"]
[EventDate "2019.07.11"]
[EventType "swiss"]
[EventCountry "CZE"]
[SourceTitle "playchess.com"]
[Source "ChessBase"]
[SourceQuality "1"]
[WhiteTeam "Serbia"]
[BlackTeam "Austria"]
[WhiteTeamCountry "SRB"]
[BlackTeamCountry "AUT"]
[TimeControl "40/5400+30:1800+30"]

1. e4 {[%emt 0:00:00]} e5 {[%emt 0:00:00]} 2. Nf3 {[%emt 0:00:00]} Nc6 {[%emt 0:00:00]} 3. Bb5 {[%emt 0:00:00]} g6 {[%emt 0:00:00]} 4. O-O {[%emt 0:00:11]} Bg7 {[%emt 0:01:01]} 5. c3 {[%emt 0:00:25]} a6 {[%emt 0:01:12]} 6. Bc4 {[%emt 0:00:48]} Nge7 {[%emt 0:05:17]} 7. d4 {[%emt 0:00:33]} exd4 {[%emt 0:09:56]} 8. cxd4 {[%emt 0:00:11]} b5 {[%emt 0:00:09]} 9. Bd3 {[%emt 0:00:10]} d6 {[%emt 0:05:56]} 10. d5 {[%emt 0:01:30]} Na5 {[%emt 0:04:51]} 11. Nc3 {[%emt 0:23:10]} O-O {[%emt 0:04:44]} 12. Bg5 {[%emt 0:14:53]} c5 {[%emt 0:15:12]} 13. dxc6 {[%emt 0:07:08]} Naxc6 {[%emt 0:01:35]} 14. Qd2 {[%emt 0:02:01]} Be6 {[%emt 0:06:32]} 15. Rfe1 {[%emt 0:05:31]} Qd7 {[%emt 0:02:58]} 16. Bh6 {[%emt 0:02:51]} Ne5 {[%emt 0:08:36]} 17. Be2 {[%emt 0:05:14]} b4 {[%emt 0:05:17]} 18. Nd1 {[%emt 0:02:20]} Nxf3+ {[%emt 0:00:57]} 19. Bxf3 {[%emt 0:00:10]} Bxh6 {[%emt 0:01:05]} 20. Qxh6 {[%emt 0:00:04]} d5 {[%emt 0:01:23]} 21. Ne3 {[%emt 0:07:48]} dxe4 {[%emt 0:09:42]} 22. Bxe4 {[%emt 0:00:19]} Rac8 {[%emt 0:04:17]} 23. Rad1 {[%emt 0:03:51]} Qc7 {[%emt 0:02:35]} 24. Bf3 {[%emt 0:10:57]} Nf5 {[%emt 0:01:23]} 25. Nxf5 {[%emt 0:00:13]} Bxf5 {[%emt 0:00:05]} 26. h4 {[%emt 0:03:25]} Rfe8 {[%emt 0:04:21]} 27. Qd2 {[%emt 0:03:23]} Qc4 {[%emt 0:02:02]} 28. h5 {[%emt 0:01:06]} gxh5 {[%emt 0:01:28]} 29. Bxh5 {[%emt 0:02:03]} Bg6 {[%emt 0:00:11]} 30. Bf3 {[%emt 0:00:45]} Qxa2 {[%emt 0:00:47]} 31. Qxb4 {[%emt 0:00:30]} Rxe1+ {[%emt 0:00:58]} 32. Rxe1 {[%emt 0:00:16]} a5 {[%emt 0:00:34]} 33. Qb5 {[%emt 0:02:12]} Rd8 {[%emt 0:00:52]} 34. Qg5 {[%emt 0:00:56]} Rf8 {[%emt 0:00:26]} 35. Qb5 {[%emt 0:00:33]} Rd8 {[%emt 0:00:11]} 36. Kh2 {[%emt 0:01:38]} a4 {[%emt 0:00:43]} 37. Re3 {[%emt 0:00:51]} Qb1 {[%emt 0:00:38]} 38. Qb6 {[%emt 0:00:26]} Rf8 {[%emt 0:00:25]} 39. Ra3 {[%emt 0:00:16]} Bc2 {[%emt 0:00:33]} 40. Bc6 {[%emt 0:00:45]} Bg6 {[%emt 0:00:36]} 41. Rxa4 {[%emt 0:02:40]} Qf5 {[%emt 0:07:46]} 42. Qd4 {[%emt 0:03:38]} Qh5+ {[%emt 0:03:52]} 43. Kg1 {[%emt 0:01:10]} Qg5 {[%emt 0:02:48]} 44. Qc3 {[%emt 0:04:58]} Qd8 {[%emt 0:04:08]} 45. Rd4 {[%emt 0:03:45]} Qf6 {[%emt 0:04:59]} 46. b4 {[%emt 0:01:41]} Kg7 {[%emt 0:01:40]} 47. Qc5 {[%emt 0:00:36]} h5 {[%emt 0:01:50]} 48. b5 {[%emt 0:00:35]} Rc8 {[%emt 0:03:49]} 49. Rd6 {[%emt 0:01:16]} Qa1+ {[%emt 0:02:00]} 50. Kh2 {[%emt 0:00:05]} Qb2 {[%emt 0:01:16]} 51. f4 {[%emt 0:07:05]} Qb1 {[%emt 0:01:10]} 52. Qe5+ {[%emt 0:01:23]} Kh7 {[%emt 0:00:33]} 53. Rf6 {[%emt 0:00:30]} Qb4 {[%emt 0:00:39]} 54. f5 {[%emt 0:00:17]} Qh4+ {[%emt 0:00:29]} 55. Kg1 {[%emt 0:00:04]} 1-0

[Event "EYTCC U18 Open 2019"]
[Site "Pardubice"]
[Date "2019.07.14"]
[Round "4.26"]
[White "Horvath, Dominik"]
[Black "Radovanovic, Mihajlo"]
[Result "1/2-1/2"]
[WhiteElo "2424"]
[BlackElo "2500"]
[Annotator "TA"]
[PlyCount "61"]
[EventDate "2019.07.11"]
[EventType "swiss"]
[EventCountry "CZE"]
[SourceTitle "playchess.com"]
[Source "ChessBase"]
[SourceQuality "1"]
[WhiteTeam "Austria"]
[BlackTeam "Serbia"]
[WhiteTeamCountry "AUT"]
[BlackTeamCountry "SRB"]

{[%evp 17,61,21,22,29,39,21,25,41,33,19,19,23,25,26,42,16,52,23,16,32,27,15,15,0,0,0,0,0,0,0,0,-8,0,0,0,0,0,0,19,0,0,0,0,0,17,12]} 1. Nf3 d6 2. d4 Nf6 3. c4 g6 4. g3 Bg7 5. Bg2 O-O 6. O-O Nc6 7. Nc3 e5 8. dxe5 dxe5 9. Bg5 Be6 10. Qc1 {E62: King's Indian: Fianchetto: 6...c6 and Panno Variation (6...Nc6) without ...a6} (10. Qa4 Qb8 11. Bxf6 Bxf6 12. Nd2 Bg7 13. Rfd1 Rd8 14. Nb3 Nd4 15. Nc5 c6 16. e3 Bg4 17. exd4 exd4 18. N3e4 Bxd1 19. Rxd1 {1-0 (32) Carlsen,M (2835)-Firouzja,A (2607) St Petersburg 2018}) 10... Qc8 11. Rd1 Re8 12. Nd5 {White has an edge.} Nd7 13. Bh6 f6 14. Bxg7 Kxg7 {[#]} 15. Qc3 $146 ({Predecessor:} 15. b3 Nd8 16. Nd2 Nf7 17. c5 c6 {0-1 (39) Yakubboev,N (2556)-Wang,H (2730) Makati 2018}) 15... Nd8 16. Nd2 Nf7 17. c5 c6 18. Ne3 Qc7 19. Ne4 Rad8 {The position is equal.} 20. Nd6 Nxd6 21. Rxd6 Nf8 $1 22. Rad1 Rxd6 23. Rxd6 Rd8 24. Qa3 a6 25. Rxd8 Qxd8 26. Qb4 Qc7 27. b3 Nd7 28. Be4 a5 29. Qc3 Qd8 30. a3 Qa8 31. Bd3 {Accuracy: White = 69%, Black = 70%.} 1/2-1/2

[Event "EYTCC U18 Open 2019"]
[Site "Pardubice"]
[Date "2019.07.14"]
[Round "4.27"]
[White "Budisavljevic, Luka"]
[Black "Leisch, Lukas"]
[Result "1/2-1/2"]
[WhiteElo "2351"]
[BlackElo "2327"]
[Annotator "NA"]
[PlyCount "118"]
[EventDate "2019.07.11"]
[EventType "swiss"]
[EventCountry "CZE"]
[SourceTitle "playchess.com"]
[Source "ChessBase"]
[SourceQuality "1"]
[WhiteTeam "Serbia"]
[BlackTeam "Austria"]
[WhiteTeamCountry "SRB"]
[BlackTeamCountry "AUT"]
[TimeControl "40/5400+30:1800+30"]

1. Nf3 {[%emt 0:00:00]} Nf6 {[%emt 0:00:17]} 2. c4 {[%emt 0:00:00]} e6 {[%emt 0:00:34]} 3. e3 {[%emt 0:00:34]} d5 {[%emt 0:00:31]} 4. d4 {[%emt 0:00:48]} b6 {[%emt 0:00:20]} 5. b3 {[%emt 0:01:03]} Bd6 {[%emt 0:00:15]} 6. Ba3 {[%emt 0:01:44]} Bxa3 {[%emt 0:02:29]} 7. Nxa3 {[%emt 0:00:06]} O-O {[%emt 0:00:10]} 8. Bd3 {[%emt 0:00:48]} Bb7 {[%emt 0:01:11]} 9. O-O {[%emt 0:00:53]} Qe7 {[%emt 0:01:12]} 10. Nb5 {[%emt 0:01:05]} a6 {[%emt 0:02:55]} 11. Nc3 {[%emt 0:02:51]} Nbd7 {[%emt 0:05:54]} 12. Rc1 {[%emt 0:01:11]} c5 {[%emt 0:06:50]} 13. cxd5 {[%emt 0:01:09]} exd5 {[%emt 0:04:00]} 14. Ne2 {[%emt 0:01:09]} Rfd8 {[%emt 0:05:47]} 15. Ng3 {[%emt 0:01:37]} g6 {[%emt 0:02:22]} 16. Qe2 {[%emt 0:03:01]} Ne4 {[%emt 0:03:30]} 17. Qb2 {[%emt 0:02:46]} Rac8 {[%emt 0:15:02]} 18. Rfd1 {[%emt 0:02:12]} h5 {[%emt 0:04:27]} 19. Ne2 {[%emt 0:09:38]} Ndf6 {[%emt 0:09:46]} 20. Ne5 {[%emt 0:07:41]} Re8 {[%emt 0:00:13]} 21. Nc3 {[%emt 0:11:49]} Nxc3 {[%emt 0:02:59]} 22. Rxc3 {[%emt 0:00:21]} cxd4 {[%emt 0:06:08]} 23. Rxc8 {[%emt 0:02:34]} Rxc8 {[%emt 0:01:12]} 24. Qxd4 {[%emt 0:03:41]} Qe6 {[%emt 0:03:14]} 25. h3 {[%emt 0:04:51]} Ne8 {[%emt 0:03:21]} 26. Nf3 {[%emt 0:03:45]} Ng7 {[%emt 0:01:55]} 27. Qf4 {[%emt 0:03:22]} Qe7 {[%emt 0:01:50]} 28. Qh6 {[%emt 0:08:32]} Ne6 {[%emt 0:00:27]} 29. Bxg6 {[%emt 0:01:13]} fxg6 {[%emt 0:00:57]} 30. Qxg6+ {[%emt 0:00:04]} Kf8 {[%emt 0:02:13]} 31. Qxh5 {[%emt 0:08:10]} Qg7 {[%emt 0:02:24]} 32. Nd4 {[%emt 0:01:28]} Nxd4 {[%emt 0:05:00]} 33. Rxd4 {[%emt 0:00:07]} Ke7 {[%emt 0:00:20]} 34. Rg4 {[%emt 0:05:09]} Qa1+ {[%emt 0:00:21]} 35. Kh2 {[%emt 0:00:01]} Kd6 {[%emt 0:01:15]} 36. Qf7 {[%emt 0:01:25]} Bc6 {[%emt 0:01:47]} 37. b4 {[%emt 0:05:34]} Qe5+ {[%emt 0:02:09]} 38. f4 {[%emt 0:01:06]} Qe7 {[%emt 0:00:02]} 39. Rg6+ {[%emt 0:00:22]} Kd7 {[%emt 0:00:03]} 40. Qf5+ {[%emt 0:00:23]} Kd8 {[%emt 0:01:10]} 41. Rh6 {[%emt 0:11:45]} Bd7 {[%emt 0:15:34]} 42. Qxd5 {[%emt 0:12:04]} Kc7 {[%emt 0:01:26]} 43. Qd3 {[%emt 0:01:28]} Re8 {[%emt 0:04:56]} 44. Rh7 {[%emt 0:03:22]} Qd6 {[%emt 0:01:31]} 45. Qc4+ {[%emt 0:00:34]} Qc6 {[%emt 0:03:23]} 46. Qxa6 {[%emt 0:03:15]} Rxe3 {[%emt 0:01:43]} 47. Qa7+ {[%emt 0:00:06]} Kc8 {[%emt 0:00:50]} 48. Rh8+ {[%emt 0:01:49]} Re8 {[%emt 0:02:51]} 49. Rxe8+ {[%emt 0:00:31]} Bxe8 {[%emt 0:00:01]} 50. Qe7 {[%emt 0:00:16]} Bd7 {[%emt 0:00:41]} 51. h4 {[%emt 0:02:05]} Qc4 {[%emt 0:01:34]} 52. Qf8+ {[%emt 0:00:31]} Kc7 {[%emt 0:00:24]} 53. h5 {[%emt 0:02:26]} Qe2 {[%emt 0:00:25]} 54. h6 {[%emt 0:01:06]} Qh5+ {[%emt 0:00:05]} 55. Kg1 {[%emt 0:00:06]} Qd1+ {[%emt 0:00:24]} 56. Kf2 {[%emt 0:00:02]} Qc2+ {[%emt 0:00:41]} 57. Kg1 {[%emt 0:00:47]} Qd1+ {[%emt 0:00:06]} 58. Kh2 {[%emt 0:00:07]} Qh5+ {[%emt 0:00:06]} 59. Kg1 {[%emt 0:01:03]} Qd1+ {[%emt 0:00:05]} 1/2-1/2